000 02041cam a22004574i 4500
003 PE-LiUPU
005 20250731165411.0
008 151022s1995 pe grm 000 0 spa d
035 _a(Sirsi) a155053
040 _aPE-LiUPU
_bspa
_cPE-LiUPU
_erda
099 _aTEF 2
_bY22 1995
100 1 _aYancachajlla Tito, Norma
_eauator
245 1 _aNivel de conocimiento que poseen las madres de familia con hijos menores de seis años de edad respecto a las vacunas: BCG, Antipolio, DPT y Antisarampionosa en los AA. HH. San Francisco, Las Colinas, El Inti y Villa La Era, 1995 /
_cNorma Yancachajlla Tito.
264 0 _c1995.
300 _a113 hojas
_c30 cm
336 _atext
_2rdacontent
337 _aunmediated
_2rdamedia
338 _avolume
_2rdacarrier
502 _aTesis
_b(Lic.) --
_cUniversidad Peruana Unión,
_d1995.
504 _aIncluye referencias
520 3 _aLas enfermedades inmunoprevenibles (E.I.P): poliomielitis, la difteria, la tos convulsiva, el tétano, sarampión y la tuberculosis; constituyen todavía un significativo rubro de la morbimortalidad en nuestro país. En lugar de los antibióticos, hoy se promueven medidas destinadas a la inmunoprevención activa, pues en ello se induce a que el mismo organismo forme activamente sus mecanismos de defensa mediante la inoculación de microrganismos atenuados, los cuales se aplican para prevenir enfermedades infecciosas que afectan mas a los niños, en su crecimiento y desarrollo.
526 _aSEG44
526 _aSEG26
526 _aP151
526 _aP150
526 _aP149
526 _aP146
526 _aP145
526 _aP126
526 _aP125
526 _aP92
526 _aP75
526 _aP74
526 _aP27
526 _aP15
650 0 4 _aMadres
_xVacunación.
700 1 _aZenteno Guerra, Magda
_eautor
596 _a1
942 _2ddc
_cTESIS
999 _aTEF 2 Y22 1995
_wALPHANUM
_c7745
_iT00919
_lCCODEBUL3
_mBUL
_r1
_sY
_tTESIS
_u2015-10-22
_xSALUD
_PP22
_o.STAFF. Tesis
_d7745
980 _81
_gALBERTO SANCHEZ Responsable de Automatización